000
00334nam a2200145Ia 4500
008
230718s9999 xx 000 0 und d
041
_a
Eng.
082
_a
378.7
_b
VOG-I
100
_a
Voglies, David. I
245
0
_a
In search of Justice
260
_a
Pakistan
_b
Ammar fablia
_c
1985
300
_a
176
650
_a
Law
999
_c
26333
_d
26333